000 00288nam a22001337a 4500
008 171130b xxu||||| |||| 00| 0 eng d
020 _a9780807844397
041 _aeng
080 _a316
100 _a50
101 _aSOC
245 _aFEMINISM IN ACTION
_cO'BARR,J.F
942 _2udc
_cBK
999 _c38643
_d38643